000 00921nac a22002651i 4500
003 EG-ScBUE
005 20250727100050.0
008 250714r19901984enka f b 001 0 eng d
020 _a0471908746
040 _aEG-ScBUE
_beng
_erda
_cEG-ScBUE
_dEG-ScBUE
082 0 4 _a541.0421
_bWES
_222
100 1 _aWest, Anthony R.,
_eauthor.
245 1 0 _aSolid state chemistry and its applications /
_cAnthony R. West, Department of Chemistry, University of Aberdeen.
250 _aReprinted September edtion.
264 1 _aChichester :
_bJohn Wiley & Sons,
_c1990.
300 _avii, 734 pages :
_billustrations ;
_c24 cm
336 _2rdacontent
_atext
_btxt
337 _aunmediated
_2rdamedia
_bn
338 _avolume
_bnc
_2rdacarrier
500 _aIncludes Appendices.
504 _aIncludes bibliographical references and index.
650 7 _aSolid state chemistry.
_2BUEsh
655 _vReading book
942 _cBB
_2ddc
999 _c6517
_d6517